[Event "FRA-chT2S"]
[Site "France"]
[Date "1997.??.??"]
[Round "3"]
[White "Sauvadet, Herve"]
[Black "Jancu, Jean Marc"]
[Result "0-1"]
[WhiteElo "2115"]
[BlackElo "2230"]
[PlyCount "68"]
[EventDate "1997.??.??"]
[EventType "team"]
[EventRounds "9"]
[EventCountry "FRA"]
[SourceTitle "EXT 2007"]
[Source "ChessBase"]
[SourceDate "2006.11.23"]
[SourceVersion "1"]
[SourceVersionDate "2006.11.23"]
[SourceQuality "1"]
[WhiteTeam "Clermont Ferrand"]
[BlackTeam "Montpellier"]
[WhiteTeamCountry "FRA"]
[BlackTeamCountry "FRA"]

1. e4 c5 2. Nf3 Nc6 3. d4 cxd4 4. Nxd4 Qb6 5. Nb3 Nf6 6. Nc3 e6 7. Be3 Qc7 8. a3 a6 9. Be2 d6 10. 0-0 Be7 11. f4 b5 12. Kh1 Bb7 13. Bf3 0-0 14. Qe2 b4 15. axb4 Nxb4 16. Na5 Bc8 17. e5 Nfd5 18. Nxd5 Nxd5 19. c4 Nxe3 20. Qxe3 Bd7 21. Bxa8 Rxa8 22. b4 dxe5 23. c5 Bb5 24. Rf2 Bf6 25. Rd1 exf4 26. Qxf4 Be5 27. Qe4 Rb8 28. Rfd2 Ba4 29. Rb1 Bxh2 30. c6 Qf4 31. Qxf4 Bxf4 32. Rd7 f5 33. Ra7 Bc2 34. Rb2 Be4 0-1

[Event "FRA-ch Accession"]
[Site "Montpellier"]
[Date "1991.??.??"]
[Round "1"]
[White "Donnenfeld, Patrice"]
[Black "Jancu, Jean Marc"]
[Result "1/2-1/2"]
[WhiteElo "2080"]
[BlackElo "2250"]
[PlyCount "50"]
[EventDate "1991.??.??"]
[EventType "swiss"]
[EventRounds "11"]
[EventCountry "FRA"]
[SourceTitle "EXT 1999"]
[Source "ChessBase"]
[SourceDate "1998.11.16"]
[SourceVersion "1"]
[SourceVersionDate "1998.11.16"]
[SourceQuality "1"]

1. c4 Nf6 2. Nc3 d6 3. g3 g6 4. Bg2 Bg7 5. e4 e5 6. Nge2 0-0 7. 0-0 Nbd7 8. d3 c6 9. h3 Ne8 10. Be3 f5 11. exf5 gxf5 12. f4 Nc7 13. fxe5 Nxe5 14. Qd2 Be6 15. Rac1 Qd7 16. b3 d5 17. Nd4 dxc4 18. Nxe6 Nxe6 19. dxc4 Qc7 20. Ne2 Rad8 21. Qc2 Nd3 22. Rcd1 Nb4 23. Qb1 Rxd1 24. Qxd1 Rd8 25. Qb1 Qe5 1/2-1/2

[Event "Montpellier-B"]
[Site "Montpellier"]
[Date "1989.??.??"]
[Round "?"]
[White "Laclau, Daniel"]
[Black "Jancu, Jean Marc"]
[Result "0-1"]
[WhiteElo "2235"]
[BlackElo "2315"]
[PlyCount "72"]
[EventDate "1989.07.??"]
[EventType "tourn"]
[EventRounds "9"]
[EventCountry "FRA"]
[EventCategory "3"]
[SourceTitle "TD"]
[Source "ChessBase"]
[SourceDate "1994.03.01"]
[SourceVersion "1"]
[SourceVersionDate "1994.03.01"]
[SourceQuality "1"]

1. d4 Nf6 2. Nf3 d6 3. Nc3 g6 4. e4 Bg7 5. Be2 0-0 6. 0-0 Nbd7 7. h3 e5 8. dxe5 dxe5 9. Be3 c6 10. Qd6 Ne8 11. Qd2 Nc7 12. Rfd1 Ne6 13. a4 Re8 14. a5 Qe7 15. Bc4 Nf4 16. Bxf4 exf4 17. Qxf4 Ne5 18. Nxe5 Bxe5 19. Qf3 Rf8 20. Rd3 Bc7 21. Bb3 Kg7 22. Qe3 Qf6 23. a6 b6 24. Re1 Be5 25. Ne2 Bxa6 26. f4 Bxb2 27. e5 Qh4 28. g3 Qxh3 29. Rd6 Ba3 30. Be6 fxe6 31. Qxa3 Bxe2 32. Rxe2 Rxf4 33. Rd7+ Kg8 34. Rg2 Raf8 35. Qd3 Rf3 36. Qc4 Rxg3 0-1

[Event "Montpellier-B"]
[Site "Montpellier"]
[Date "1989.??.??"]
[Round "?"]
[White "Rigo, Janos"]
[Black "Jancu, Jean Marc"]
[Result "1-0"]
[WhiteElo "2390"]
[BlackElo "2315"]
[PlyCount "66"]
[EventDate "1989.07.??"]
[EventType "tourn"]
[EventRounds "9"]
[EventCountry "FRA"]
[EventCategory "3"]
[SourceTitle "TD"]
[Source "ChessBase"]
[SourceDate "1994.03.01"]
[SourceVersion "1"]
[SourceVersionDate "1994.03.01"]
[SourceQuality "1"]

1. e4 d5 2. exd5 Qxd5 3. Nc3 Qa5 4. Bc4 c6 5. Nf3 Bf5 6. 0-0 e6 7. Re1 Nd7 8. a3 Ngf6 9. b4 Qc7 10. h3 Bd6 11. Nd4 0-0 12. Nxf5 exf5 13. d4 a5 14. Rb1 axb4 15. axb4 Rfe8 16. Bg5 Rxe1+ 17. Qxe1 Re8 18. Qd2 h6 19. Bxh6 gxh6 20. Qxh6 Re7 21. Ra1 Bf4 22. Qg6+ Kf8 23. Qxf5 Bd2 24. Ne2 Qd6 25. c3 b5 26. Qd3 Ne4 27. Bb3 Qh6 28. d5 c5 29. Bc2 c4 30. Qf3 Ng5 31. Qg4 Nf6 32. Qc8+ Kg7 33. Ng3 Bxc3 1-0

[Event "Montpellier-B"]
[Site "Montpellier"]
[Date "1989.??.??"]
[Round "?"]
[White "Strikovic, Aleksa"]
[Black "Jancu, Jean Marc"]
[Result "1-0"]
[WhiteElo "2470"]
[BlackElo "2315"]
[PlyCount "59"]
[EventDate "1989.07.??"]
[EventType "tourn"]
[EventRounds "9"]
[EventCountry "FRA"]
[EventCategory "3"]
[SourceTitle "TD"]
[Source "ChessBase"]
[SourceDate "1994.03.01"]
[SourceVersion "1"]
[SourceVersionDate "1994.03.01"]
[SourceQuality "1"]

1. e4 d5 2. exd5 Qxd5 3. Nc3 Qa5 4. d4 c6 5. Bc4 Bf5 6. Nf3 e6 7. Bd2 Qc7 8. Bb3 Nd7 9. Qe2 0-0-0 10. 0-0 Ngf6 11. a4 Bd6 12. Rfe1 h6 13. a5 g5 14. Ne5 Nxe5 15. dxe5 Bxe5 16. h3 g4 17. h4 g3 18. f3 Rxd2 19. Qxd2 Rd8 20. Qxh6 Bd4+ 21. Kf1 Nd5 22. Bxd5 cxd5 23. Ne2 Rh8 24. Qg5 Bf2 25. Red1 Qc4 26. h5 f6 27. Qxf6 Rh7 28. Ra3 Kd7 29. Rc3 Qb5 30. h6 1-0